000
00285nam a2200121Ia 4500
008
170620s9999 xx 000 0 und d
100
_a
AGARWAL S.P.
245
0
_a
PHARMACEUTICAL JURISPRUDENCE
260
_b
BIRLA
260
_c
2009
300
_a
276
546
_a
English
690
_a
PHARMACEUTICAL JURISPRUDENCE
999
_c
31149
_d
31149